Library Banner

Maqam i Mahmood = مقامِ محمود / (Record no. 138754)

MARC details
000 -LEADER
fixed length control field 00509nam a22001457a 4500
005 - DATE AND TIME OF LATEST TRANSACTION
control field 20251001102939.0
008 - FIXED-LENGTH DATA ELEMENTS--GENERAL INFORMATION
fixed length control field 251001b |||||||| |||| 00| 0 eng d
040 ## - CATALOGING SOURCE
Transcribing agency PK-LaUMT
082 ## - DEWEY DECIMAL CLASSIFICATION NUMBER
Classification number 297.63
Item number TAH-M
100 ## - MAIN ENTRY--PERSONAL NAME
Personal name Tahir ul Qadiri, Muhammad = طاہر القادری، محمد
245 ## - TITLE STATEMENT
Title Maqam i Mahmood = مقامِ محمود /
Statement of responsibility, etc by Muhammad Tahir ul Qadiri =از محمد طاہر القادری
260 ## - PUBLICATION, DISTRIBUTION, ETC. (IMPRINT)
Place of publication, distribution, etc Lahore :
Name of publisher, distributor, etc Minhaj ul Quran Publications,
Date of publication, distribution, etc 2008
300 ## - PHYSICAL DESCRIPTION
Extent 163 p.
942 ## - ADDED ENTRY ELEMENTS (KOHA)
Koha item type Books
Holdings
Withdrawn status Lost status Damaged status Home library Current library Date acquired Full call number Barcode Date last seen Price effective from Koha item type
      UMT Main Campus UMT Main Campus 2025-10-01 297.63 TAH-M 150824 2025-10-01 2025-10-01 Books